| 000 | 01747nam0a2200397 4500 | ||
|---|---|---|---|
| 001 | RU\NLR\bibl\218109 | ||
| 005 | 20260405133150.0 | ||
| 021 |
_aRU _b2001-36694 _91743 |
||
| 035 | _a(NLR Aleph) 000214195 | ||
| 090 |
_a1243871 _c1243871 |
||
| 100 | _a20011217d2001 |||y0rusy50 ca | ||
| 101 | 0 | _arus | |
| 102 | _aRU | ||
| 105 | _aa ||||||||| | ||
| 200 | 1 |
_aЭкспериментальное исследование цифрового триггера на большие pt _fА. Н. Васильев, А. М. Давиденко, Ю. А. Матуленко и др. |
|
| 210 |
_aПротвино _cИФВЭ _d2001 |
||
| 215 |
_a7 с. _cил. _d28 |
||
| 225 | 1 |
_aПрепринт _fГос. науч. центр Рос. Федерации, Ин-т физики высок. энергий _vИФВЭ ОЭФ 2001-8 |
|
| 606 | 0 |
_aПРОЗА-М, установка для ядерных исследований _xКонтроллеры _92117659 _3RU\NLR\auth\661279124 |
|
| 610 | 0 | _ap-Мезоны - Регистрация | |
| 610 | 0 | _aДетекторы ионизирующих излучений - Обработка результатов | |
| 610 | 0 | _aТриггеры | |
| 675 |
_a621.374.3 _v3 _zrus |
||
| 686 |
_a47 _2rugasnti |
||
| 686 |
_a32.847 _2rubbk |
||
| 686 | _aВ381.5 | ||
| 701 | 1 |
_4070 _7ca _8rus _aВасильев _bА. Н. _cд-р техн. наук, теплофизика _gАлександр Николаевич _936819 _3RU\NLR\AUTH\7753887 |
|
| 701 | 1 |
_aДавиденко _bА. М. _4070 |
|
| 701 | 1 |
_aМатуленко _bЮ. А. _4070 |
|
| 801 | 0 |
_aRU _bRKP _c20011217 _gPSBO |
|
| 801 | 1 |
_aRU _bRKP _c20011217 |
|
| 801 | 2 |
_aRU _bNLR _c20070703 _grcr |
|
| 942 | _cBOOK | ||
| 980 | _aNB | ||